La última niebla

محفوظ في:
التفاصيل البيبلوغرافية
المؤلف الرئيسي: Bombal, María Luisa, 1910-1980 (autora)
التنسيق: كتاب
اللغة:الإسبانية
منشور في: Santiago Nascimento 1962
الطبعة:3a. ed
الموضوعات:
الوسوم: إضافة وسم
لا توجد وسوم, كن أول من يضع وسما على هذه التسجيلة!

MARC

LEADER 00000nam a2200000 a 4500
001 UCQ2268
003 CL-VaPUC
008 980724e19620000CL |||||||||||||||||spa|d
082 0 4 |a Ch863  |b BOM  |2 21 
100 |a Bombal, María Luisa,   |d 1910-1980  |e autora  |9 307961 
245 1 3 |a La última niebla 
250 |a 3a. ed 
300 |a 167 p 
942 |c BK 
945 |d 19980724 00:00:00  |a lriquelm 
260 |a Santiago  |b Nascimento  |c 1962 
650 0 |a Cuentos chilenos   |9 308280 
650 0 |a Literatura chilena   |9 308278 
583 |a last modification  |c 19980724 00:00:00  |k Rodrigo Vera 
999 |c 273105  |d 273103 
952 |0 0  |1 0  |4 0  |6 CH_863_000000000000000_BOM_1962  |7 0  |8 A  |9 308415  |a BIBEDU  |b BIBEDU  |d 2019-11-20  |i 1444476  |l 1  |o Ch863 BOM 1962  |p 1444476  |r 2023-05-26  |s 2022-10-20  |w 2019-11-20  |y BK  |k LIT 
952 |0 0  |1 0  |4 0  |6 CH_863_000000000000000_BOM_1962  |7 0  |8 A  |9 308416  |a BIBEDU  |b BIBEDU  |d 2019-11-20  |i 1446843  |l 1  |o Ch863 BOM 1962  |p 1446843  |r 2023-05-18  |s 2023-05-16  |w 2019-11-20  |y BK  |k LIT